000 00439nam a2200193 4500
001 31703
005 20220405165534.0
090 _a31703
100 _a20130204d a 0pory5003 ba
101 _apor
102 _aPT
105 _aa z 000yy
930 _lBECRE
675 _a087.5
_vBNL
_zpor
200 1 _aAdivinhas de coisas
210 _aLinda - a Velha
_cGirassol
_ds.d.
215 _a[10] p.
_d22 cm
225 2 _aDescobre
990 _cLIVROS